Countries with the Highest Life Expectancy - Statistics

General Stats
  • This quiz has been taken 35 times
  • The average score is 17 of 20
Answer Stats
Life Expectancy Country % Correct
83.52 Iceland
93%
84.01 Italy
93%
85.03 Japan
93%
82.94 Norway
93%
83.33 Sweden
93%
83.13 France
90%
82.79 Luxembourg
90%
83.94 Australia
86%
82.96 Canada
86%
82.81 Ireland
86%
82.78 Netherlands
86%
82.80 New Zealand
86%
83.50 South Korea
86%
83.99 Spain
86%
84.25 Switzerland
86%
82.65 Portugal
83%
82.80 Greece
79%
84.07 Singapore
69%
83.06 Malta
62%
83.49 Israel
59%
No matching quizzes found
Score Distribution
Percent of People with Each Score
Percentile by Number Answered
Your Score History
You have not taken this quiz